[Event "JUG-chT"]
[Site "Cetinje"]
[Date "1992.??.??"]
[Round "?"]
[White "Vratonjic, Slobodan"]
[Black "Milicevic, Miodrag"]
[Result "1/2-1/2"]
[WhiteElo "2280"]
[BlackElo "2275"]

1.e4 c5 2.Nf3 e6 3.d4 cxd4 4.Nxd4 a6 5.Nc3 b5 6.Bd3 Bb7 7.O-O d6 8.f4 Nf6
9.a3 Be7 10.Nf3 e5 11.Kh1 Nbd7 12.Qe1 O-O 13.Bd2 Re8 14.fxe5 Nxe5 15.Nxe5 dxe5
16.Qg3 Qd6 17.Rf5 Nd7 18.Raf1 Bf6 19.Bh6 g6 20.R5f3 Rac8 21.Qf2 Re6 22.g4 Qe7
23.g5 Bxg5 24.Rxf7 Bxh6 25.Rxe7 Rxe7 26.Qh4 Bf8 27.Nd5 Bxd5 28.exd5 e4 29.Bxe4 Rc4
30.Rf4 Nc5 31.Bd3 Rxf4 32.Qxf4 Nxd3 33.cxd3 Rd7 34.Qe5 Rd6 35.Kg2 Kf7 36.h3 Rf6
37.Qc7+ Be7 38.Qb7 h5 39.Qc8 Bf8 40.b4 Be7 41.Qa8 Bf8 42.Qc8 Be7 43.Qb7 Kf8
44.Qb8+ Kf7 45.Qa7 Kf8 46.d4 Kf7 47.d6 Rxd6 48.Kf3 Rf6+ 49.Ke4 Re6+ 50.Kd3 Rd6
51.Qb7 Rf6 52.d5 Rd6 53.Ke4 Rf6 54.Qb8 Bf8 55.Qb7+ Be7 56.Qa7 Rd6 57.Qf2+ Rf6
58.Qe3 Bf8 59.Qd2 Be7 60.Qh6 Bf8 61.Qd2 Be7 62.Qa2 Kg7 63.a4 bxa4 64.Qxa4 Kf7  1/2-1/2

[Event "JUG-chT"]
[Site "Cetinje"]
[Date "1992.??.??"]
[Round "?"]
[White "Tseshkovsky, Vitaly"]
[Black "Martinovic, Slobodan"]
[Result "1/2-1/2"]
[WhiteElo "2510"]
[BlackElo "2465"]

1.e4 c5 2.Nf3 e6 3.d4 cxd4 4.Nxd4 a6 5.Nc3 Qc7 6.g3 Nf6 7.Bg2 Bb4 8.Ne2 Be7
9.O-O O-O 10.Nf4 d6 11.Nd3 Nc6  1/2-1/2

[Event "CSR-chT"]
[Site "CSR"]
[Date "1992.??.??"]
[Round "?"]
[White "Pacl, Vaclav"]
[Black "Goban, Marek"]
[Result "1-0"]
[WhiteElo "2295"]
[BlackElo "2230"]

1.e4 c5 2.Nf3 e6 3.d4 cxd4 4.Nxd4 a6 5.Nc3 Qc7 6.g3 b5 7.Bg2 Bb7 8.O-O Nf6
9.Re1 d6 10.a4 bxa4 11.Rxa4 Be7 12.Qe2 O-O 13.Rc4 Qd7 14.Rd1 e5 15.Nf5 Nc6
16.Bg5 Ne8 17.Qg4 Rd8 18.Bxe7 Nxe7 19.Rxd6 Qxd6 20.Nxd6 Rxd6 21.Rb4 Bc8 22.Qe2 Nc6
23.Rc4 a5 24.Rc5 Bd7 25.Nd5 f6 26.Qc4 Kh8 27.h4 Nd4 28.c3 Ne6 29.Rxa5 Rc6
30.Qb4 Rd6 31.Ra8 Rc6 32.Qe7 Bc8 33.Bh3 N8c7 34.Nxc7 Rxc7 35.Qxe6 Bxe6 36.Rxf8+ Bg8
37.Be6  1-0

[Event "CSR-chT"]
[Site "CSR"]
[Date "1992.??.??"]
[Round "?"]
[White "Prandstetter, Eduard"]
[Black "Langner, Ladislav"]
[Result "1-0"]
[WhiteElo "2410"]
[BlackElo "2345"]

1.e4 c5 2.Nf3 e6 3.d4 cxd4 4.Nxd4 a6 5.Nc3 Qc7 6.Bd3 Nf6 7.f4 b5 8.a3 Bb7
9.Be3 b4 10.axb4 Bxb4 11.O-O Bxc3 12.bxc3 Bxe4 13.Bxe4 Nxe4 14.f5 Qxc3 15.Qf3 Nd2
16.Bxd2 Qxd4+ 17.Be3 Qd5 18.Qg3 Nc6 19.Qxg7 Qe5 20.Qh6 Rg8 21.Bb6 Qb2 22.Bf2 Qg7
23.Qxg7 Rxg7 24.Ra4 Rg5 25.fxe6 fxe6 26.Be3 Re5 27.Bc1 a5 28.Rh4 h5 29.g4 O-O-O
30.gxh5 Ne7 31.h6 Nf5 32.Rh3 Re4 33.h7 Nh4 34.Bg5 Rh8 35.Bxh4 Rxh7 36.Rc3+ Kb7
37.Bg3 d5 38.Rb1+ Ka7 39.Rc5 Ra4 40.Bf2 d4 41.Bxd4  1-0

[Event "CSR-chT"]
[Site "CSR"]
[Date "1992.??.??"]
[Round "?"]
[White "Mrva, Martin"]
[Black "Langner, Ladislav"]
[Result "1-0"]
[WhiteElo "2345"]
[BlackElo "2345"]

1.e4 c5 2.Nf3 e6 3.Nc3 a6 4.d4 cxd4 5.Nxd4 Qc7 6.f4 Bb4 7.Bd2 Nc6 8.Nf3 b5
9.a4 bxa4 10.e5 a3 11.bxa3 Bxc3 12.Bxc3 Nge7 13.Bd3 Qa7 14.Bd2 Rb8 15.Ng5 Nf5
16.Bxf5 exf5 17.Qh5 g6 18.Qh6 Nd4 19.Qg7 Rf8 20.Nxh7 Qc5 21.Qxf8+ Qxf8 22.Nxf8 Nxc2+
23.Kf2 Nxa1 24.Rxa1 Rb2 25.Ke3 Kxf8 26.Rc1 Bb7 27.Rc7 Rb3+ 28.Kd4 Bxg2 29.Bb4+ Kg7
30.Rxd7 Bf1 31.e6 Rd3+ 32.Ke5 a5 33.Rxd3  1-0

[Event "EU-chT (Men)"]
[Site "Debrecen"]
[Date "1992.??.??"]
[Round "1"]
[White "Rytshagov, Mikhail"]
[Black "Portisch, Lajos"]
[Result "0-1"]
[WhiteElo "2385"]
[BlackElo "2575"]

1.e4 c5 2.Nf3 e6 3.d4 cxd4 4.Nxd4 a6 5.Nc3 Qc7 6.f4 b5 7.Bd3 Bb7 8.Qe2 d6
9.Bd2 Nd7 10.a4 bxa4 11.Nxa4 Ngf6 12.O-O Be7 13.c4 O-O 14.Kh1 Rab8 15.Rae1 Nc5
16.Nxc5 dxc5 17.Nf3 Nd7 18.e5 g6 19.Bc3 Nb6 20.b3 Nc8 21.Bc2 Na7 22.Rd1 Rfd8
23.Rxd8+ Rxd8 24.Rd1 Rxd1+ 25.Qxd1 Nc6 26.Be4 Nb4 27.Bxb7 Qxb7 28.Qe2 Qd7
29.Kg1 a5 30.Qd2 Qc6 31.h4 Qe4 32.Ng5 Qb1+ 33.Kh2 Qf1 34.Kg3 h6 35.Nf3 Qb1
36.Qb2 Qd1 37.Bd2 a4 38.bxa4 Qxa4 39.Qc3 Qd1 40.Be3 Qe2 41.f5 gxf5 42.Bxh6 Qe4
43.Bg5 Bxg5 44.hxg5 Nc6 45.Qa1 Nd4 46.Qa5 f4+ 47.Kg4 Qf5+ 48.Kh4 Nxf3+ 49.gxf3 Qxe5
50.Qd8+ Kg7 51.Qe7 Qe1+ 52.Kh5 Qg3 53.Qf6+ Kg8 54.Qd8+ Kh7 55.Qd3+ Kg7 56.Qf1 e5
57.Qh1 f6  0-1

[Event "EU-chT (Men)"]
[Site "Debrecen"]
[Date "1992.??.??"]
[Round "3"]
[White "Gdanski, Jacek"]
[Black "Ionescu, Constantin"]
[Result "1-0"]
[WhiteElo "2435"]
[BlackElo "2465"]

1.e4 c5 2.Nf3 e6 3.Nc3 a6 4.d4 cxd4 5.Nxd4 b5 6.Bd3 Bb7 7.O-O Qc7 8.Qe2 Nc6
9.Nxc6 Qxc6 10.a4 b4 11.Nd5 Nf6 12.Nxf6+ gxf6 13.Qh5 Bc5 14.Be3 Rc8 15.Rae1 Rg8
16.Qxh7 Ke7 17.Qh5 Bxe3 18.fxe3 Rg6 19.b3 Rcg8 20.Re2 Rg5 21.Qh4 Qc5 22.Rf4 a5
23.Qe1 Qe5 24.Ref2 f5 25.g3 Kd8 26.exf5 Rxg3+ 27.hxg3 Rxg3+ 28.Kf1 Rxe3 29.Qc1 Rh3
30.Rg4 Bf3 31.Rxf3 Rxf3+ 32.Kg2 Re3 33.Kf2 Rh3 34.Qf4  1-0

[Event "EU-chT (Men)"]
[Site "Debrecen"]
[Date "1992.??.??"]
[Round "7"]
[White "Malisauskas, Vidmantas"]
[Black "Cvitan, Ognjen"]
[Result "1/2-1/2"]
[WhiteElo "2490"]
[BlackElo "2505"]

1.e4 c5 2.Nf3 e6 3.Nc3 a6 4.d4 cxd4 5.Nxd4 d6 6.g3 Nf6 7.Bg2 Be7 8.O-O Qc7
9.a4 Nc6 10.Nxc6 bxc6 11.a5 Bb7 12.f4 O-O 13.g4 Nd7 14.g5 f5  1/2-1/2

[Event "EU-chT (Women)"]
[Site "Debrecen"]
[Date "1992.??.??"]
[Round "7"]
[White "Segal, Anna"]
[Black "Bellin, Jana"]
[Result "1/2-1/2"]
[WhiteElo "2190"]
[BlackElo "2205"]

1.e4 c5 2.Nf3 e6 3.Nc3 a6 4.d4 cxd4 5.Nxd4 Qc7 6.Be2 b5 7.O-O Bb7 8.Bf3 Nc6
9.Nxc6 dxc6 10.Qe2 Bd6 11.g3 Nf6 12.Be3 O-O 13.Rad1 Rad8 14.Bg2 Be5 15.Bc5 Rxd1
16.Rxd1 Rd8 17.f4 Bxc3 18.bxc3 Rxd1+ 19.Qxd1  1/2-1/2

[Event "EU-chT (Men)"]
[Site "Debrecen"]
[Date "1992.??.??"]
[Round "7"]
[White "Tatai, Stefano"]
[Black "Lutz, Christopher"]
[Result "1/2-1/2"]
[WhiteElo "2410"]
[BlackElo "2540"]

1.e4 c5 2.Nf3 e6 3.d4 cxd4 4.Nxd4 a6 5.Nc3 Qc7 6.g3 Nf6 7.Bg2 Be7 8.O-O d6
9.Be3 O-O 10.h3 Nc6 11.Nxc6 bxc6 12.Na4 Bb7 13.c4 c5 14.Nc3 Nd7 15.f4 Bf6
16.Qd2 Nb8 17.Rad1 Rd8 18.Qf2 Bxc3 19.bxc3 Nd7 20.e5 dxe5 21.fxe5 Rf8 22.Bxb7 Qxb7
23.Bf4 Nb6 24.Qe2 Nc8 25.Bg5 Ne7 26.Bxe7 Qxe7 27.Rd6 Qg5 28.Kg2 h6 29.Qe4 a5
30.h4 Qe7 31.Qc6 Qa7 32.Rd7 Qb8 33.Qc7 Qxc7 34.Rxc7 Rad8 35.Rxc5 Rc8 36.Rxa5 Rxc4
37.Rf3 Rfc8 38.Ra7 R8c7 39.Rxc7 Rxc7 40.Rd3 Rc5 41.Re3  1/2-1/2

[Event "EU-chT (Women)"]
[Site "Debrecen"]
[Date "1992.??.??"]
[Round "8"]
[White "Hund, Barbara"]
[Black "Bellin, Jana"]
[Result "1/2-1/2"]
[WhiteElo "2300"]
[BlackElo "2205"]

1.e4 c5 2.Nf3 e6 3.d4 cxd4 4.Nxd4 a6 5.Nc3 Qc7 6.Bd3 Nf6 7.Qe2 d6 8.Bd2 Be7
9.f4 Nbd7 10.g4 Nc5 11.g5 Nfd7 12.Rf1 b5 13.f5 Ne5 14.Nf3 Bb7  1/2-1/2

[Event "DEN-ch"]
[Site "?"]
[Date "1992.??.??"]
[Round "5"]
[White "Nielsen, Peter Heine"]
[Black "Mortensen, Erling"]
[Result "1-0"]
[WhiteElo "2405"]
[BlackElo "2420"]

1.e4 c5 2.Nf3 e6 3.d4 cxd4 4.Nxd4 a6 5.Nc3 Qc7 6.Bd3 Nf6 7.O-O Bd6 8.Kh1 Nc6
9.Nb3 Be7 10.f4 d6 11.a4 b6 12.Qf3 Bb7 13.Bd2 g6 14.Qh3 h5 15.Rae1 Nb4 16.Ne2 Nxd3
17.cxd3 Qd7 18.Nc3 Rc8 19.Be3 Bd8 20.Bd4 h4 21.Re2 Rh5 22.Qf3 h3 23.g4 Rh4
24.f5 e5 25.g5 exd4 26.Nxd4 Nh5 27.fxg6 Kf8 28.Qxf7+ Qxf7 29.Rxf7+ Kg8 30.Rxb7 Bxg5
31.Re1 Bd2 32.Rf1 Bxc3 33.bxc3 Rf4 34.Rg1 Rxc3 35.Nf5 Rxf5 36.exf5 Rxd3 37.g7 Nf6
38.Rb8+ Kf7 39.Rf8+ Ke7 40.Rxf6  1-0

[Event "Dortmund op-A"]
[Site "Dortmund"]
[Date "1992.??.??"]
[Round "1"]
[White "Demeter, Istvan"]
[Black "Lutz, Christopher"]
[Result "1/2-1/2"]
[WhiteElo "2290"]
[BlackElo "2540"]

1.e4 c5 2.Nf3 e6 3.d4 cxd4 4.Nxd4 a6 5.Nc3 Qc7 6.Be2 b5 7.a3 Bb7 8.O-O Nf6
9.Bd3 h5 10.Qe2 Bc5 11.Nf3 Nc6 12.g3 Nd4 13.Nxd4 Bxd4 14.Be3 Bxc3 15.bxc3 Bxe4
16.Bxe4 Nxe4 17.Bd4 Nf6 18.a4 Qc4 19.Qf3 Qc6 20.Qxc6 dxc6 21.axb5 cxb5 22.Ra5 O-O
23.Rfa1 Nd5 24.Rxa6 Rab8 25.Rb1 Rfc8 26.Ra5 Nxc3 27.Bxc3 Rxc3 28.Raxb5 Rxb5
29.Rxb5 g6 30.Rb2 e5 31.Kf1 e4 32.Ke2 Kg7 33.Kd2 Rf3 34.Ke2 Rc3 35.Kd2 Rf3
36.Ke2  1/2-1/2

[Event "Dortmund op-A"]
[Site "Dortmund"]
[Date "1992.??.??"]
[Round "2"]
[White "Siemers, Joerg"]
[Black "Lau, Ralf"]
[Result "0-1"]
[WhiteElo "2205"]
[BlackElo "2480"]

1.e4 c5 2.Nf3 e6 3.d4 cxd4 4.Nxd4 a6 5.Nc3 Qc7 6.Be2 b5 7.O-O Bb7 8.f4 b4
9.Nb1 Nf6 10.e5 Nd5 11.a3 Bc5 12.axb4 Nxb4 13.c3 Nd5 14.Kh1 O-O 15.Na3 f6
16.Nc4 Nc6 17.Nxc6 Bxc6 18.Bd3 Bb5 19.Qh5 f5 20.Rf3 g6 21.Qh6 Rf7 22.Nd6 Bxd6
23.Bxb5 Bf8 24.Qh4 a5 25.Qe1 Rb8 26.Bf1 Bg7 27.Rd3 g5 28.fxg5 Bxe5 29.Rh3 Ne7
30.Ra4 Ng6 31.Rc4 Qb6 32.b4 axb4 33.Rxb4 Qc7 34.Bd2 Bd6 35.Rxb8+ Qxb8 36.c4 Bf4
37.Ra3 Bxd2 38.Qxd2 Qe5 39.Ra5 Qe4 40.h3 Qf4 41.Qxf4 Nxf4 42.g3 Ng6 43.Bd3 Ne7
44.Kg2 Kg7 45.Kf3 Kg6 46.h4 Nc6 47.Rc5 Kh5 48.Kg2 Nd4 49.Kh3 d6 50.Rc8 Ra7
51.Rd8 Ra3 52.g6 Kxg6 53.Bb1 Ra6 54.g4 h6 55.Kg2 Kf6 56.gxf5 exf5 57.Kg3 Ra3+
58.Kg2 Ke5 59.Re8+ Kf4 60.Rd8 Rb3  0-1

[Event "Dortmund op-A"]
[Site "Dortmund"]
[Date "1992.??.??"]
[Round "4"]
[White "Balashov, Yuri S"]
[Black "Lau, Ralf"]
[Result "1/2-1/2"]
[WhiteElo "2565"]
[BlackElo "2480"]

1.e4 c5 2.Ne2 e6 3.Nbc3 a6 4.d4 cxd4 5.Nxd4 Qc7 6.Bd3 Nf6 7.Qe2 d6 8.O-O g6
9.f4 Bg7 10.Kh1 O-O 11.a4 b6 12.Bd2 Bb7 13.Nf3 Nc6 14.Qe1 Na5 15.Nd1 Nc4
16.Bc3 Rac8 17.b3 Na5 18.Rb1 Rfe8 19.Bd2 Nc6 20.Qh4 Ne7 21.Qe1 Nc6 22.Qh4 Ne7
23.Qe1  1/2-1/2

[Event "Dortmund op-A"]
[Site "Dortmund"]
[Date "1992.??.??"]
[Round "5"]
[White "Galdunts, Sergey"]
[Black "Dautov, Rustem"]
[Result "1-0"]
[WhiteElo "2465"]
[BlackElo "2610"]

1.e4 c5 2.Nf3 e6 3.d4 cxd4 4.Nxd4 a6 5.Nc3 Qc7 6.g3 Nf6 7.Bg2 Be7 8.O-O O-O
9.f4 d6 10.Be3 Nc6 11.Kh1 Bd7 12.a4 Rab8 13.Qe2 Rfe8 14.Nb3 Na5 15.Nxa5 Qxa5
16.g4 Bc6 17.g5 Nd7 18.Qf2 Bf8 19.Bd4 Qc7 20.f5 Ne5 21.a5 exf5 22.exf5 Bxg2+
23.Qxg2 Rbc8 24.Rf2 Qc6 25.Nd5 Nd7 26.b4 Ne5 27.h3 Nd7 28.Kh2 Qc4 29.Rd1 Kh8
30.g6 fxg6 31.fxg6 h6 32.c3 Rcd8 33.Rdf1 Ne5 34.Rf5 Kg8 35.R1f4 Qd3 36.Nc7 Nxg6
37.Qxg6 Re2+ 38.Bf2 Qxc3 39.Nd5  1-0

[Event "Dresden op"]
[Site "Dresden"]
[Date "1992.??.??"]
[Round "?"]
[White "Kaminski, Uwe"]
[Black "Chuchelov, Vladimir"]
[Result "0-1"]
[WhiteElo "2400"]
[BlackElo "2490"]

1.e4 c5 2.Nf3 e6 3.d4 cxd4 4.Nxd4 a6 5.Nc3 Qc7 6.g3 Nf6 7.Bg2 d6 8.O-O Be7
9.Re1 O-O 10.Be3 Re8 11.Qe2 Nfd7 12.a4 Nc6 13.Rad1 Rb8 14.Kh1 Bf8 15.f4 Na5
16.Bc1 b6 17.g4 Bb7 18.g5 g6 19.Qf2 Nc6 20.h4 Nxd4 21.Qxd4 Bc6 22.b3 b5 23.axb5 axb5
24.Bb2 e5 25.Qf2 exf4 26.Qxf4 Ne5 27.Ne2 Bg7 28.Nd4 Bd7 29.Ra1 Rf8 30.Rf1 Ng4
31.c3 Be5 32.Qd2 d5 33.Nf3 Bf4 34.Qxd5 Ne3 35.Qd4 Nc2 36.Qd3 Nxa1 37.Rxa1 Bg4
38.Nd4 Rfd8 39.Qf1 b4 40.cxb4 Be5 41.Rc1 Qd7  0-1

[Event "Wch U16"]
[Site "Duisburg"]
[Date "1992.??.??"]
[Round "9"]
[White "Har Zvi, Ronen"]
[Black "Papaioannou, Ioannis"]
[Result "1-0"]
[WhiteElo "2425"]
[BlackElo "2335"]

1.e4 c5 2.Nf3 e6 3.Nc3 a6 4.d4 cxd4 5.Nxd4 d6 6.Be2 Nf6 7.O-O Be7 8.Be3 O-O
9.f4 Nc6 10.Kh1 Qc7 11.a4 Bd7 12.Bd3 Nxd4 13.Bxd4 e5 14.Be3 Bg4 15.Qe1 exf4
16.Rxf4 Be6 17.Bd4 Nd7 18.Qg3 Ne5 19.Raf1 Qd8 20.Nd5 Bxd5 21.exd5 Bg5 22.Bxe5 dxe5
23.Rg4 f6 24.Qf3 Kh8 25.Qh3 Bh6 26.c4 Qd6 27.Rh4 Rf7 28.Qf5 g6 29.Qh3 Bg5
30.Bxg6 Bxh4 31.Bxf7 Rf8 32.Qe6 Qc7 33.Rxf6 Kg7 34.d6 Qc5 35.Rf3 Qd4 36.g3 Bd8
37.Qf5 e4 38.Rf4 Bb6 39.Kg2 Qxb2+ 40.Kh3 Bg1 41.Qxe4 Qxh2+ 42.Kg4 h5+ 43.Bxh5 Rg8
44.Bf7 Kh6+ 45.Kf5 Rg5+ 46.Kf6 Qb2+ 47.Ke6 Kg7 48.Be8 Kg8 49.Rf8+  1-0

[Event "Elenite"]
[Site "Elenite"]
[Date "1992.??.??"]
[Round "4"]
[White "Manolov, Ivan"]
[Black "Kurajica, Bojan"]
[Result "1/2-1/2"]
[WhiteElo "2340"]
[BlackElo "2590"]

1.e4 c5 2.Nf3 e6 3.d4 cxd4 4.Nxd4 a6 5.Nc3 Qc7 6.g3 Nf6 7.Bg2 Bb4 8.Ne2 Be7
9.O-O O-O 10.h3 d6 11.Kh2 Nc6 12.f4 b5 13.a3 Bb7 14.Nd4 Nxd4 15.Qxd4 Rac8
16.Be3 e5 17.Qd3 exf4 18.Bxf4 Nd7 19.Rf2 Ne5 20.Bxe5 dxe5 21.Nd5 Bxd5 22.Qxd5 Bc5
23.Re2 Rcd8 24.Qb3 g6 25.c3 Rd3 26.Rd1 Rfd8 27.Rxd3 Rxd3 28.Bf1 Kg7 29.Rg2 Rd6
30.a4 bxa4 31.Qxa4  1/2-1/2

[Event "NLD-ch sf"]
[Site "Enschede"]
[Date "1992.??.??"]
[Round "7"]
[White "Martens, Martin"]
[Black "Van Mil, Johannes A J"]
[Result "1-0"]
[WhiteElo "2360"]
[BlackElo "2445"]

1.e4 c5 2.Nf3 e6 3.Nc3 a6 4.d4 cxd4 5.Nxd4 Nc6 6.g3 d6 7.Bg2 Bd7 8.O-O Nf6
9.a4 Be7 10.Nb3 O-O 11.a5 Ne5 12.f4 Nc4 13.Qe2 Qc7 14.g4 Bb5 15.g5 Nd7 16.Kh1 Nxa5
17.Nxb5 axb5 18.Qxb5 Nxb3 19.Rxa8 Rxa8 20.Qxb3 Nc5 21.Qf3 Ra4 22.f5 Bd8 23.c3 e5
24.g6 Bf6 25.Qd1 Ra8 26.Qd5 Rf8 27.Rd1 Be7 28.gxf7+ Kh8 29.Be3 Nd7 30.Ra1 Nb6
31.Qb5 Nc8 32.Ra8 Qc6 33.Qxc6 bxc6 34.f6  1-0

[Event "Forli op"]
[Site "Forli"]
[Date "1992.??.??"]
[Round "2"]
[White "Mantovani, Renzo"]
[Black "Conquest, Stuart"]
[Result "0-1"]
[WhiteElo "2340"]
[BlackElo "2495"]

1.e4 c5 2.Nf3 e6 3.d4 cxd4 4.Nxd4 a6 5.Nc3 Qc7 6.g3 Bb4 7.Ne2 Be7 8.Bg2 Nf6
9.O-O O-O 10.h3 Nc6 11.g4 b5 12.a4 Rb8 13.axb5 axb5 14.g5 Ne8 15.Ng3 b4 16.Nce2 Bb7
17.Nf4 Nd6 18.Re1 Nc4 19.Nd3 Ra8 20.Rxa8 Rxa8 21.b3 Na3 22.Bb2 Nb5 23.Qd2 Ncd4
24.Rc1 Bd6 25.Ne2 Nxe2+ 26.Qxe2 Be7 27.h4 Ra5 28.Qd2 Nc3 29.Qe1 Na2 30.Ra1 Qxc2
31.Qe3 Ra8 32.Qd4 Bf8 33.Qxd7 Bc6 34.Qd4 Qxb3 35.Bf1 Nc3 36.Rxa8 Bxa8 37.Qa7 Bxe4
38.Ne5 Bg6 39.Bc1 Qd1 40.Be3 Ne2+ 41.Kg2 Qd5+ 42.f3 Qxe5 43.Bxe2  0-1

[Event "Forli op"]
[Site "Forli"]
[Date "1992.??.??"]
[Round "7"]
[White "Pamuk, Murat"]
[Black "Kievelitz, Bernd"]
[Result "1-0"]
[WhiteElo "2220"]
[BlackElo "2265"]

1.e4 c5 2.Nf3 e6 3.d4 cxd4 4.Nxd4 a6 5.Nc3 Qc7 6.f4 d6 7.Bd3 Nc6 8.Nf3 Nf6
9.O-O Be7 10.Qe1 O-O 11.Qg3 g6 12.f5 Nh5 13.Qh3 Ne5 14.g4 Nxf3+ 15.Rxf3 Nf6
16.g5 Nh5 17.f6 Bd8 18.Ne2 e5 19.Qh4 Qd7 20.h3 Bb6+ 21.Kh2 Kh8 22.Be3 Bxe3
23.Rxe3 Qc6 24.Rf1 Be6 25.Ng3 Nxg3 26.Rxg3 Rg8 27.Rff3 Rac8 28.Qh6 Qe8 29.Rg4 Qf8
30.Qxh7+  1-0

[Event "Forli op"]
[Site "Forli"]
[Date "1992.??.??"]
[Round "8"]
[White "Delanoy, Arnaud"]
[Black "Kievelitz, Bernd"]
[Result "1/2-1/2"]
[WhiteElo "2215"]
[BlackElo "2265"]

1.e4 c5 2.Nc3 e6 3.Nf3 a6 4.d4 cxd4 5.Nxd4 Qc7 6.Be2 Nf6 7.O-O Be7 8.f4 d6
9.Kh1 O-O 10.Qe1 b5 11.Bf3 Bb7 12.e5 Ne8 13.Bxb7 Qxb7 14.Qe4 Qxe4 15.Nxe4 d5
16.Ng3 g6 17.Be3 Ng7 18.c3 Rc8 19.Nge2 Nd7 20.g4 Kh8 21.h3 f5 22.exf6 Nxf6
23.Ng3 Bd6 24.Nf3 Bc5 25.Bxc5 Rxc5 26.Ne5 Rc7 27.f5 exf5 28.gxf5 g5 29.Ng4 Rf8
30.Nxf6 Rxf6 31.Rae1 h5 32.Re5 Rd7 33.Ne2 Kh7 34.Nd4 Kh6 35.Ne6 Re7 36.Rfe1 Rxf5
37.R5e2 Ref7 38.Nxg7 Kxg7 39.Re6 Rf2 40.R6e2 Kg6 41.Kg1 Rxe2 42.Rxe2 Rf6
43.Rd2 Rd6 44.a4 g4 45.axb5 axb5 46.hxg4 hxg4 47.Kg2 Kf5 48.Rd4 Ke5 49.Kg3  1/2-1/2

[Event "FRA-chT"]
[Site "?"]
[Date "1992.??.??"]
[Round "?"]
[White "Chomet, Pascal"]
[Black "Conquest, Stuart"]
[Result "0-1"]
[WhiteElo "2275"]
[BlackElo "2485"]

1.e4 c5 2.Nf3 e6 3.d4 cxd4 4.Nxd4 a6 5.Nc3 Qc7 6.Bd3 Nc6 7.Nxc6 dxc6 8.f4 e5
9.f5 Nf6 10.a4 Bc5 11.Qf3 a5 12.Nd1 b6 13.Be3 Nd7 14.O-O Bb7 15.Bc4 Rf8 16.c3 Qd6
17.Nf2 Bxe3 18.Qxe3 Qc5 19.Qe2 Nf6 20.Rab1 g6 21.b4 axb4 22.Rxb4 gxf5 23.exf5 Rg8
24.Kh1 Kf8 25.Ne4 Nxe4 26.Qxe4 Rd8 27.Qh4 Qd6 28.Qxh7 Rd7 29.Rxb6 Qd2 30.Qh3 c5
31.Rxb7 Rxb7 32.f6 Rd7 33.Qf3 Rg6 34.Qa8+ Rd8 35.Qb7 Qd7 36.Qf3 Qxa4 37.Bd5 Qf4
38.c4 Rxf6 39.Qxf4  0-1

[Event "Fuerteventura op"]
[Site "Fuerteventura"]
[Date "1992.??.??"]
[Round "?"]
[White "Estevez Morales, Guillermo"]
[Black "Corzo, Amaury"]
[Result "1-0"]
[WhiteElo "2330"]
[BlackElo "2345"]

1.e4 c5 2.Nf3 e6 3.Nc3 a6 4.d4 cxd4 5.Nxd4 Qc7 6.Bd3 Nf6 7.O-O d6 8.Re1 Nc6
9.Be3 Be7 10.f4 b5 11.e5 dxe5 12.fxe5 Nxe5 13.Bf4 Nfd7 14.Be4 Ra7 15.Bc6 Bf6
16.Qe2 Nf3+ 17.Qxf3 Bxd4+ 18.Kh1 e5 19.Rad1 Bxc3 20.Qxc3 O-O 21.Be3 b4 22.Qxb4 Nb6
23.Qc5  1-0

[Event "Fuerteventura op"]
[Site "Fuerteventura"]
[Date "1992.??.??"]
[Round "?"]
[White "Delgado Cespedes, Ivan"]
[Black "Montiel, Pedro"]
[Result "0-1"]
[WhiteElo "2285"]
[BlackElo "2280"]

1.e4 c5 2.Nf3 e6 3.d4 cxd4 4.Nxd4 a6 5.Nc3 Qc7 6.Bd3 Nf6 7.Be3 Nc6 8.Nb3 Ne5
9.Qe2 Bb4 10.Bd2 Ng6 11.g3 b5 12.a4 bxa4 13.Rxa4 a5 14.Nb5 Bxd2+ 15.Qxd2 Qb8
16.Rxa5 O-O 17.O-O Bb7 18.Rxa8 Bxa8 19.Nc3 Ne5 20.f3 Qb6+ 21.Kg2 d5 22.Qf2 Qb4
23.Na2 Qb7 24.exd5 Nxd3 25.Qd4 Qa6 26.Ra1 Nxb2 27.Nac1 Qc4 28.Qxb2 Nxd5 29.Kf2 Nb4
30.Ne2 Qd5 31.Qc3 Nc6 32.Ra4 Qb5 33.Qc5  0-1

[Event "Arnold Cup"]
[Site "Gausdal"]
[Date "1992.??.??"]
[Round "3"]
[White "Nielsen, Peter Heine"]
[Black "Bellin, Jana"]
[Result "1/2-1/2"]
[WhiteElo "2405"]
[BlackElo "2205"]

1.e4 c5 2.Nf3 e6 3.d4 cxd4 4.Nxd4 a6 5.Nc3 Qc7 6.Bd3 Nf6 7.O-O Nc6 8.Nxc6 dxc6
9.f4 e5 10.f5 b5 11.a4 Bb7 12.Qe2 Bc5+ 13.Kh1 h5 14.Be3 Qb6 15.Bxc5 Qxc5
16.Nb1 h4 17.Nd2 Nh5 18.Qf2 Qxf2 19.Rxf2 Nf6 20.b4 c5 21.bxc5 O-O-O 22.axb5 axb5
23.Bxb5 Nxe4 24.Nxe4 Bxe4 25.Re2 Bxf5 26.Rxe5 Be6 27.Be2 h3 28.Bf3 hxg2+
29.Bxg2 Rh4 30.c6 Rhd4 31.Ree1 Bd5 32.Re7 Rd1+ 33.Rxd1 Bxg2+ 34.Kxg2 Rxd1
35.Rxf7 Rd2+ 36.Rf2 Rd6 37.Rf8+ Kc7 38.Rf7+ Kxc6 39.Rxg7 Rd2+ 40.Kg3 Rxc2
41.h4 Rc1 42.Kf4 Kd6 43.Kg5 Ke6 44.h5 Rg1+ 45.Kh6 Rh1 46.Kg6 Rg1+ 47.Kh7 Rh1
48.h6 Kf6 49.Rg2 Kf7 50.Rf2+ Ke7 51.Kg7 Rg1+ 52.Kh8  1/2-1/2

[Event "Troll Masters"]
[Site "Gausdal"]
[Date "1992.??.??"]
[Round "4"]
[White "Emms, John M"]
[Black "Quinn, Mark"]
[Result "1-0"]
[WhiteElo "2430"]
[BlackElo "2275"]

1.e4 c5 2.Nc3 e6 3.Nge2 a6 4.d4 cxd4 5.Nxd4 d6 6.Bc4 b5 7.Bb3 Bb7 8.O-O Nf6
9.Re1 Nc6 10.a4 b4 11.Nxc6 Bxc6 12.Nd5 Be7 13.Nxe7 Qxe7 14.Bg5 a5 15.Bxf6 gxf6
16.Qh5 Qb7 17.Bxe6 Qe7 18.Bd5 Qc7 19.Rad1 Ra6 20.Rd3 Bxa4 21.b3 Bc6 22.Qf5 Rf8
23.Qxf6 Qe7 24.Qf5 Kd8 25.Bxc6 Rxc6 26.Qxa5+  1-0

[Event "Peer Gynt"]
[Site "Gausdal"]
[Date "1992.??.??"]
[Round "6"]
[White "Tiviakov, Sergei"]
[Black "Svidler, Peter"]
[Result "1-0"]
[WhiteElo "2585"]
[BlackElo "2455"]

1.e4 c5 2.Nf3 e6 3.d4 cxd4 4.Nxd4 a6 5.Nc3 Qc7 6.Bd3 g6 7.O-O d6 8.f4 Bg7
9.Nde2 Nd7 10.Kh1 Ngf6 11.f5 O-O 12.Qe1 b5 13.Qh4 b4 14.Nd1 Bb7 15.Nf2 d5
16.fxe6 fxe6 17.exd5 Nxd5 18.Bh6 Ne5 19.Bxg7 Qxg7 20.Qh3 Rae8 21.Rae1 Nc6
22.Ne4 Qe5 23.c3 bxc3 24.bxc3 Rf5 25.Nc5 Rxf1+ 26.Rxf1 Nf4 27.Nxf4 Qxc5 28.Nxg6  1-0

[Event "Geneve op"]
[Site "Geneve"]
[Date "1992.??.??"]
[Round "8"]
[White "Inkiov, Ventzislav"]
[Black "Meinsohn, Francis"]
[Result "1-0"]
[WhiteElo "2450"]
[BlackElo "2260"]

1.e4 c5 2.Nf3 e6 3.d4 cxd4 4.Nxd4 a6 5.Nc3 Qc7 6.g3 d6 7.Bg2 Nf6 8.O-O Be7
9.g4 Nc6 10.g5 Nd7 11.Nde2 b5 12.a3 Bb7 13.f4 g6 14.f5 gxf5 15.exf5 Nce5
16.fxe6 fxe6 17.Nf4 Qb6+ 18.Rf2 d5 19.Qh5+ Nf7 20.Nfxd5 exd5 21.Qxf7+ Kd8
22.Nxd5 Bxd5 23.Qxd5 Ra7 24.Kf1 h6 25.gxh6 Rxh6 26.Qg8+  1-0

[Event "GER CupT"]
[Site "Germany"]
[Date "1992.??.??"]
[Round "?"]
[White "Mueller, Karsten"]
[Black "Lutz, Christopher"]
[Result "1/2-1/2"]
[WhiteElo "2455"]
[BlackElo "2540"]

1.e4 c5 2.Nf3 e6 3.d4 cxd4 4.Nxd4 a6 5.Nc3 Ne7 6.Bg5 Nbc6 7.Nb3 Qc7 8.Qd2 Ng6
9.O-O-O b5 10.h4 Nge5 11.h5 h6 12.Bf4 d6 13.Rh3 Bd7 14.Rg3 Rc8 15.Kb1 b4
16.Bxa6 bxc3 17.Qxc3 Ra8 18.Bb5 Rc8 19.Ba6 Ra8 20.Bb5 Rc8 21.Ba6  1/2-1/2

[Event "BL9192 (Women)"]
[Site "Germany"]
[Date "1992.??.??"]
[Round "?"]
[White "Guenther, Anetta"]
[Black "Zahn, Nicol"]
[Result "1/2-1/2"]
[WhiteElo "2085"]
[BlackElo "2010"]

1.e4 c5 2.Nf3 e6 3.d4 cxd4 4.Nxd4 a6 5.Nc3 Qc7 6.f4 d6 7.Be2 Bd7 8.Be3 Nf6
9.O-O Be7 10.Qe1 Nc6 11.Qg3 h5 12.h3 h4 13.Qf2 b5 14.a3 Na5 15.Nf3 Nc4 16.Bxc4 Qxc4
17.Ng5 Bc6 18.e5 Ne4 19.Ngxe4 Bxe4 20.exd6 Bxd6 21.Rad1 Bd5 22.Rd4 Qc6 23.Nxd5 exd5
24.Rfd1 O-O 25.Rxd5 Be7 26.Qe2 Rfe8 27.Qg4 Bf6 28.Bf2 Bxb2 29.Bxh4 Bxa3 30.f5 Bb2
31.Rd6 Qe4 32.Qh5 Qe2 33.Qg5 Qe3+ 34.Qxe3 Rxe3 35.f6 Bxf6 36.Bxf6 gxf6 37.Rxf6 Kg7
38.Rdd6 Re1+ 39.Kf2 Rc1 40.Rxa6 Rxc2+ 41.Kf3 Rxa6 42.Rxa6 f6 43.Rb6 Rb2 44.g3  1/2-1/2

[Event "BL9192 (Women)"]
[Site "Germany"]
[Date "1992.??.??"]
[Round "?"]
[White "Derlich, Karin"]
[Black "Nowarra, Waltraud"]
[Result "1/2-1/2"]
[WhiteElo "2115"]
[BlackElo "2220"]

1.e4 c5 2.Nf3 e6 3.d4 cxd4 4.Nxd4 a6 5.Nc3 b5 6.Bd3 Qc7 7.O-O Bb7 8.Qe2 Nc6
9.Nxc6 Bxc6 10.Bd2 g6 11.Rae1 Bg7 12.f4 Ne7 13.f5 gxf5 14.Qh5 Bd4+ 15.Kh1 Qb7
16.Bg5 h6 17.Bxe7 Kxe7 18.Nd5+ Bxd5 19.exd5 Kd6 20.c3 Ba7 21.dxe6 fxe6 22.Rd1 Kc7
23.Qh4 Rag8 24.Rd2 Rg4 25.Qf6 Rhg8 26.Qe5+ Kc8 27.Qe2 h5 28.Qf3 Qxf3 29.Rxf3 h4
30.Bf1  1/2-1/2

[Event "BL9192 (Women)"]
[Site "Germany"]
[Date "1992.??.??"]
[Round "?"]
[White "Claus, Caroline"]
[Black "Zahn, Nicol"]
[Result "1-0"]
[WhiteElo "2110"]
[BlackElo "2010"]

1.e4 c5 2.Nf3 e6 3.d4 cxd4 4.Nxd4 a6 5.Nc3 Qc7 6.Bd3 Nf6 7.Qe2 d6 8.O-O Be7
9.f4 O-O 10.e5 dxe5 11.fxe5 Nfd7 12.Nf3 Nc6 13.Qe4 g6 14.Bh6 Nc5 15.Qf4 Rd8
16.Ng5 Bxg5 17.Bxg5 Rd7 18.Bf6 Kf8 19.Qh6+ Ke8 20.Qxh7 Re7 21.Qg8+ Kd7 22.Rad1 Qb6
23.Kh1 Qxb2 24.Bxe7 Nxe7 25.Bb5+ Kc7 26.Qd8+ Kb8 27.Qd6+  1-0